Nihon no sonraku kyōdōtai /
Saved in:
| Main Author: | |
|---|---|
| Format: | Book |
| Language: | Japanese |
| Published: |
Tōkyō :
Japan Paburissha-zu,
1977.
|
| Series: | Shin minzoku bunka sōsho ;
4. |
| Subjects: | |
| Tags: |
Add Tag
No Tags, Be the first to tag this record!
|
| LEADER | 01037nam a2200289u 4500 | ||
|---|---|---|---|
| 001 | 007714498-8 | ||
| 005 | 20024617115958.0 | ||
| 008 | 900119s1977 ja 000 0 jpn | ||
| 010 | |a 78804542 | ||
| 035 | 0 | |a ocm23317466 | |
| 040 | |a DLC |c MiU |d TxU |d *YNH* |d CStRLIN | ||
| 050 | 4 | |a HT 421 |b .N165 1977 | |
| 100 | 1 | |6 880-01 |a Nakamura, Kichiji, |d 1905-1986. | |
| 245 | 1 | 0 | |6 880-02 |a Nihon no sonraku kyōdōtai / |c Nakamura Kichiji. |
| 260 | |6 880-03 |a Tōkyō : |b Japan Paburissha-zu, |c 1977. | ||
| 300 | |a 250 p. ; |c 20 cm. | ||
| 490 | 1 | |6 880-04 |a Shin minzoku bunka sōsho ; |v 4 | |
| 650 | 0 | |a Villages |z Japan |x History. | |
| 650 | 0 | |a Village communities |z Japan |x History. | |
| 880 | 1 | |6 100-01 |a 中村吉治, |d 1905- | |
| 880 | 1 | 0 | |6 245-02 |a 日本の村落共同体 / |c 中村吉治. |
| 880 | |6 260-03 |a 東京 : |b ジャパン.パブリッシャ-ズ, |c 1977. | ||
| 880 | 1 | |6 490-04 |a 新民俗文化叢書 ; |v 4 | |
| 830 | 0 | |6 880-54 |a Shin minzoku bunka sōsho ; |v 4. | |
| 880 | 0 | |6 830-54 |a 新民俗文化叢書 ; |v 4. | |
| 988 | |a 20021214 | ||
| 906 | |0 DLC | ||


